|
|
|
|
| LEADER |
00000nas a2200000 a 4500 |
| 001 |
ssj0000397792 |
| 003 |
WaSeSS |
| 005 |
20200512172242.0 |
| 006 |
m d |
| 007 |
cr n |
| 008 |
090724d20002013pk ar s 0 0eng |
| 010 |
|
|
|a 2009212031
|
| 022 |
|
|
|l 1680-4465
|y 1680-4465
|
| 035 |
|
|
|a (WaSeSS)ssj0000397792
|
| 040 |
|
|
|a DLC
|b eng
|c DLC
|d DLC
|d OCLCA
|d OCLCQ
|d OCLCA
|d OCLCQ
|d OCLCO
|d OCLCA
|d OCLCF
|d CUS
|d OCLCQ
|d OCLCO
|d CUS
|d RDF
|d OCLCA
|d WaSeSS
|
| 042 |
|
|
|a pcc
|
| 043 |
|
|
|a a-pk---
|
| 050 |
0 |
0 |
|a Z845.P28
|b P285
|
| 245 |
0 |
0 |
|a Pakistan journal of library & information science
|h [electronic resource] :
|b PJLIS.
|
| 246 |
3 |
0 |
|a Pakistan journal of library and information science
|
| 246 |
3 |
0 |
|a PJLIS
|
| 260 |
|
|
|a Lahore, Pakistan :
|b Dept. of Library and Information Science, University of the Punjab
|
| 310 |
|
|
|a Annual
|
| 362 |
1 |
|
|a Ceased with no. 14 (2013).
|
| 506 |
|
|
|a License restrictions may limit access.
|
| 588 |
|
|
|a Description based on: No. 7 (2006); title from cover.
|
| 588 |
|
|
|a Latest issue consulted: No. 14 (2013) (online surrogate) (publisher's website, viewed April 10, 2017)
|
| 650 |
|
0 |
|a Libraries
|z Pakistan
|v Periodicals.
|
| 650 |
|
0 |
|a Library science
|z Pakistan
|v Periodicals.
|
| 650 |
|
0 |
|a Information science
|v Periodicals.
|
| 650 |
|
7 |
|a Information science.
|2 fast
|0 (OCoLC)fst00972640
|
| 650 |
|
7 |
|a Libraries.
|2 fast
|0 (OCoLC)fst00997341
|
| 650 |
|
7 |
|a Library science.
|2 fast
|0 (OCoLC)fst00997916
|
| 651 |
|
7 |
|a Pakistan.
|2 fast
|0 (OCoLC)fst01210275
|
| 655 |
|
0 |
|a Electronic journals.
|
| 710 |
2 |
|
|a University of the Punjab.
|b Department of Library and Information Science.
|
| 776 |
0 |
8 |
|t Pakistan Journal of library & information science
|x 2309-9569
|w (DLC) 2009212031
|w (OCoLC)700044259
|
| 785 |
0 |
0 |
|t Pakistan journal of information management & libraries
|x 2409-7462
|w (DLC) 2017268564
|w (OCoLC)941892125
|
| 850 |
|
|
|a DLC
|
| 856 |
4 |
0 |
|z Full text available from Research Library: 01/01/2008 to 2013
|u https://search.proquest.com/publication/54989
|